-
JAIN, DR .K.S. AND MANIYAR, DR. P.B.
Entry Personal Name
Number of records used in: 1
001 - CONTROL NUMBER
003 - CONTROL NUMBER IDENTIFIER
005 - DATE AND TIME OF LATEST TRANSACTION
- control field:
20190326112724.0
008 - FIXED-LENGTH DATA ELEMENTS
- fixed length control field:
190326|| aca||aabn | a|a d
040 ## - CATALOGING SOURCE
- Original cataloging agency:
OSt
- Transcribing agency:
OSt
100 ## - HEADING--PERSONAL NAME
- Personal name:
JAIN, DR .K.S. AND MANIYAR, DR. P.B.
670 ## - SOURCE DATA FOUND
- Source citation:
Work cat.: (OSt): JAIN, DR .K.S. AND MANIYAR, DR. P.B., A BOOK OF PHARMACEUTICAL ORGANIC CHEMISTRY SIMPLIFIED C(CEM-III AND IV ) ND IV